| 000 | 011050000a22002170004500 | ||
|---|---|---|---|
| 020 | _a950-018-488-5 | ||
| 041 | 0 | _aSPA | |
| 082 | 0 | 4 | _aG 173 N196c |
| 100 | 1 | _aNapier, Augustus Y. | |
| 245 | 1 | 0 | _aEl crisol de la familia / A. Napier, C. A. Whitaker ; Leandro Wolfson, Traductor |
| 260 | _aBuenos Aires, Argentina : Amorrortu | ||
| 300 | _a312 Pag. | ||
| 500 | _aTítulo original : The family crucible | ||
| 505 | 0 | 0 | _apalabras preliminares -- la cuestión de la estructura -- un comienzo -- orígenes -- el concepto de sistemas -- iniciativa -- el conflicto básico -- el espectro de la abuela -- hacia el matrimonio -- una resolución parcial -- la tensión se afloja -- la crisis subyacente -- retorno -- odio -- el momento terapéutico-- el curso seguido por el enfrentamiento -- Carolyn -- la terrible opción -- David -- David: su familia de origen -- terminación de la terapia -- foro |
| 650 | 1 | 4 | _aPSICOTERAPIA FAMILIAR - ESTUDIO DE CASOS |
| 001 | 1269 | ||
| 942 | _cBK | ||
| 999 |
_c32592 _d32592 |
||
| 336 |
_atexto _btxt _2rdacontent |
||
| 337 |
_2rdamedia _asin mediación _bn |
||
| 338 |
_2rdacarrier _avolumen _bnc |
||